00674 a2200181 4500010001400000020002300014035001300037037001600050082001500066100002200081245013600103260003600239260004500275270007000320300003100390500005000421700002100471 aENG-89528 c695.00a8178242184 aEN-73061 bDBAD / PUB14a338.0409541 aDamodaran, Harish1 aIndia's new capitalists:cby Harish Damodarn; with a foreword by Nandan Nilekanibcaste, business, and industry in a modern nation/ aRanikhetbPermanent Blackc2008 aNew DelhibOrient Longman (Distributor) aHimalayana, Mall Road, Ranikhet CanttbRanikhete263645cRanikhet axxiii, 341p.c22 cm. (Hb) aIncludes bibliographical references & index. aNilekani, Nandan